000 00299nam a2200145Ia 4500
100 _aDickler/ H.
942 _cBK
654 _aFoxpro 2.6 2/e
245 _aFoxpro 2.6 2/e
260 _bBPB Pub
_aNew Delhi
_c1995
082 _a005.13 'FOX'
300 _a766
546 _aENGLISH
999 _c33410
_d33410